| 000 | 01305cam a2200301 i 4500 | ||
|---|---|---|---|
| 003 | SA-RiAUC | ||
| 005 | 20251006090712.0 | ||
| 008 | 251004s1983 mr g 000 0 ara c | ||
| 040 |
_aSA-RiAUC _bara _cSA-RiAUC _erda |
||
| 043 | _af-mr--- | ||
| 082 | 0 | 4 | _aMA811.909 |
| 082 | 0 | 4 |
_a920.064 _qSA-RiAUC |
| 090 |
_a920.064 _bم ق ر |
||
| 100 | 1 |
_aالمقري، أحمد بن محمد بن أحمد، _d986-1041 هجري _eمؤلف. |
|
| 245 | 1 | 0 |
_aروضة الآس العاطرة الأنفاس في ذكر ما لقيته من أعلام الحضرتين مراكش وفاس / _cتأليف أحمد بن محمد المقري. |
| 264 | 1 |
_a[مكان النشر غير محدد] : _b[الناشر غير محدد]، _c1983 |
|
| 264 | 3 |
_aالرباط : _bالمطبعة الملكية |
|
| 300 |
_a1 مجلد (354 صفحة) ؛ _c24 × 17 سم. |
||
| 336 |
_aنص _btxt _2rdacontent _3كتاب |
||
| 337 |
_aبدون وسيط _bn _2rdamedia |
||
| 338 |
_aمجلد _bnc _2rdacarrier |
||
| 490 | 0 | _aمطبوعات القصر الملكي | |
| 500 | _aالمصدر يتكون من 2 جزء في 1 مجلد. | ||
| 651 | 7 |
_aمراكش (المغرب) _vتراجم _2aucsh |
|
| 651 | 7 |
_aفاس (المغرب) _vتراجم _2aucsh |
|
| 942 |
_2ddc _cBOOK _n0 |
||
| 949 |
_aSA-JeALM _d251004 _umohamedma123 _n1 |
||
| 999 |
_c12423 _d12423 |
||